000 00751cam a2200157 4500500
005 20260111085355.0
041 _afre
042 _adc
100 1 0 _aMambrino, Jean
_eauthor
245 0 0 _aThéâtre
260 _c2004.
500 _a100
520 _aRésuméL’art contemporain est-il une machine de guerre destinée à en finir avec la peinture ? Nombre d’amateurs d’art sincères se posent cette question avec angoisse. Ils ont le sentiment qu’un esprit malin est sur le point de les priver de ce qu’ils aiment et de faire de cet attachement une faute de goût.
786 0 _nÉtudes | 400 | 2 | 2004-02-01 | p. 237-240 | 0014-1941
856 4 1 _uhttps://shs.cairn.info/revue-etudes-2004-2-page-237?lang=fr&redirect-ssocas=7080
999 _c1618094
_d1618094